| 000 | 01002cam a2200265 a 4500 | ||
|---|---|---|---|
| 003 | EG-GiCUC | ||
| 008 | 070103s198u le g 000 0 ara d | ||
| 040 |
_aEG-GiCUC _bara _cEG-GiCUC |
||
| 050 | 4 |
_aPJ6696 _bD57 |
|
| 092 | 0 | 4 |
_a229.44151 _bD5826 _221 |
| 099 |
_a04 _a229.44151 D5826 |
||
| 100 | 1 | _aدمشقية : عفيف | |
| 245 | 1 | 0 |
_aاثر القراءات القرآنية فى تطور الدرس النحوى / _cعفيف دمشقية |
| 260 |
_aلبنان : _bمعهد الانماء العربى : _c[198-] |
||
| 300 |
_a203ص ؛ _c22سم |
||
| 490 | 0 |
_aالدراسات الانسانية ؛ _v3 |
|
| 504 | _aيشتمل على ارجاعات ببليوجرافية (ص199-201) | ||
| 630 | 2 | 0 |
_aالقرآن _xالفاظ (من الناحية اللغوية) |
| 630 | 2 | 0 |
_aالقرآن _xالقراءات |
| 650 | 7 |
_aالقران و اللغة العربية _xالنحو _2qrmak |
|
| 902 | _a1 | ||
| 905 |
_aرضوى _eمدخل |
||
| 905 |
_aعمر _eمراجع |
||
| 942 |
_2ddc _cBK |
||
| 999 |
_c90848 _d90848 |
||